6-Letter Literature Chain - Statistics

General Stats
  • This quiz has been taken 18,859 times
  • The average score is 17 of 24
Answer Stats
Hint Answer % Correct
Aladdin had a flying one Carpet
94%
First name of mystery writer Christie Agatha
93%
Vine-swinging man raised by apes Tarzan
90%
Country where "War and Peace" took place Russia
88%
Original language of "1001 Nights" Arabic
86%
Fantasy land led by a talking lion Narnia
86%
Shakespearean prince of Denmark Hamlet
82%
Drink of the Greek gods Nectar
81%
A word which modifies a verb or an adjective Adverb
80%
Young lady who might be in distress Damsel
80%
Merlin's job title? Wizard
80%
Dracula author: Bram ______ Stoker
76%
City home to Romeo and Juliet Verona
76%
Island where part of Mario Puzo's "The Godfather" takes place Sicily
75%
Greek island where Sappho lived Lesbos
68%
City where James Joyce grew up Dublin
64%
Language created by J.R.R. Tolkien Elvish
58%
Author of "I, Robot" Asimov
48%
Two roads diverged in a ______ wood Yellow
48%
Welsh poet: Dylan ______ Thomas
47%
Literary magazine: The Paris _____ Review
43%
Now is the ____ of our discontent Winter
43%
What Chaucer's couplets did Rhymed
38%
Garment that can be "ripped" in cheap romance novels Bodice
32%
No matching quizzes found
Score Distribution
Percent of People with Each Score
Percentile by Number Answered
Your Score History
You have not taken this quiz